Marketing of cotton in Tamil Nadu (Record no. 16856)

MARC details
000 -LEADER
fixed length control field 00380nam a2200145Ia 4500
082 ## - DEWEY DECIMAL CLASSIFICATION NUMBER
Classification number TG.0227
100 ## - MAIN ENTRY--AUTHOR NAME
Personal name Ganesan, M.
245 #0 - TITLE STATEMENT
Title Marketing of cotton in Tamil Nadu
260 ## - PUBLICATION, DISTRIBUTION, ETC. (IMPRINT)
Year of publication 1981
Name of publisher University of Madras
300 ## - PHYSICAL DESCRIPTION
Number of Pages 236p. + C D - 39
650 ## - SUBJECT ADDED ENTRY--TOPICAL TERM
Topical Term COTTON - MARKETING - TAMIL NADU
650 ## - SUBJECT ADDED ENTRY--TOPICAL TERM
Topical Term COTTON CORPORATION OF INDIA
710 ## - ADDED ENTRY--CORPORATE NAME
Corporate name or jurisdiction name as entry element Amar Chand, D.
942 ## - ADDED ENTRY ELEMENTS (KOHA)
Koha item type Thesis
Source of classification or shelving scheme Dewey Decimal Classification
Holdings
Withdrawn status Lost status Damaged status Not for loan Home library Current library Date acquired Bill Date Full call number Accession Number Price effective from Koha item type
        NASSDOC Library NASSDOC Library 08/10/2004 2004-10-22 TG.0227 16072 18/04/2019 Thesis